| 000 | 01774nam a2200433 i 4500 | ||
|---|---|---|---|
| 001 | 43328 | ||
| 003 | KOSZ 005 | ||
| 005 | 20251126085529.0 | ||
| 008 | 210407s2003 pl a f f 001 0 pol | ||
| 020 | _a8301138939 | ||
| 040 |
_aWA N _cWA N _dKOSZ 005/RW |
||
| 046 | _k2003 | ||
| 080 | _a658.1/.5.012 | ||
| 080 | _a657 | ||
| 080 | _a(075.8) | ||
| 100 | 1 |
_aSierpińska, Maria _d(1950 -) _eAutor |
|
| 245 | 1 | 0 |
_aControlling operacyjny w przedsiębiorstwie : _bcentra odpowiedzialności w teorii i praktyce / _cMaria Sierpińska, Bogusław Niedbała. |
| 260 |
_aWarszawa : _bWydawnictwo Naukowe PWN, _c2003. |
||
| 300 |
_a420, [4] stron : _bilustracje ; _c24 cm. |
||
| 336 |
_aTekst _btxt _2rdacontent |
||
| 337 |
_aBez urządzenia pośredniczącego _bn _2rdamedia |
||
| 338 |
_aWolumin _bnc _2rdacarrier |
||
| 380 | _aKsiążki | ||
| 380 | _aPublikacje fachowe | ||
| 380 | _aPublikacje dydaktyczne | ||
| 385 |
_mPoziom nauczania _aSzkoły wyższe |
||
| 388 | 1 | _a2001- | |
| 504 | _aBibliografia na stronach 413-[418]. Indeks. | ||
| 521 | 8 | _aKsiążka adresowana jest do studentów wyższych uczelni o profilu ekonomicznym i do menedżerów przedsiębiorstw poszukujących nowoczesnych metod zarządzania finansowego. | |
| 650 | 7 | _aControlling | |
| 650 | 7 | _aPrzedsiębiorstwo | |
| 655 | 7 | _aPodręczniki akademickie | |
| 658 | _aGospodarka, ekonomia, finanse | ||
| 700 | 1 |
_aNiedbała, Bogusław _eAutor |
|
| 710 | 2 |
_aWydawnictwo Naukowe PWN _4pbl |
|
| 856 |
_uhttp://koha.tu.koszalin.pl/cgi-bin/koha/opac-detail.pl?biblionumber=43328 _yKatalog online BPK |
||
| 942 |
_2UKD _cKS |
||
| 999 |
_c43328 _d43328 |
||